000 00570 a2200181 4500
003 OSt
005 20240118095424.0
008 240118b |||||||| |||| 00| 0 eng d
020 _a9788182718470
040 _coclc
082 _a909.097671
_bKAR/I
100 _a Karakunnu, Sheikh Mohammed
_91839
245 _aIslamika Charithrathile Mayatha Mudrakal /
_cShaikh Muhammed Karakunnu
250 _a2nd ed.
260 _aKozhikode:
_bIslamic Publishing House,
_c2018.
300 _a496p.
942 _2ddc
_cBK
_h909.097671
_iKAR/I
_k909.097671
_mKAR/I
999 _c43239
_d43239